Leadership in organizations
Salvato in:
| Autore principale: | |
|---|---|
| Natura: | Libro |
| Lingua: | inglese |
| Pubblicazione: |
Upper Saddle River
Pearson/Prentice Hall
2006
|
| Edizione: | 6. ed. |
| Soggetti: | |
| Tags: |
Nessun Tag, puoi essere il primo ad aggiungerne!!
|
MARC
| LEADER | 00000nam$a2200000$$$4500 | ||
|---|---|---|---|
| 001 | 0064512 | ||
| 005 | 20240306135807.7 | ||
| 020 | |a 0-13-149484-8 | ||
| 041 | 0 | |a eng | |
| 044 | |a US | ||
| 245 | 1 | 0 | |a Leadership in organizations |c Gary Yukl |
| 250 | |a 6. ed. | ||
| 264 | 1 | |a Upper Saddle River |b Pearson/Prentice Hall |c 2006 | |
| 300 | |a 542 s. | ||
| 610 | 2 | 0 | |a vedenie podniku |
| 610 | 2 | 0 | |a riadenie podnikové |
| 610 | 2 | 0 | |a vodcovstvo |
| 610 | 2 | 0 | |a efektívnosť |
| 610 | 2 | 0 | |a zmeny organizačné |
| 610 | 2 | 0 | |a tímy pracovné |
| 610 | 2 | 0 | |a teória a prax |
| 100 | 1 | |a Yukl, Gary A. | |